000 01734nam a22002537a 4500
999 _c62772
_d62772
003 Ge_BSU
005 20250211105158.0
008 250211s2015 ge ||||| |||| 00| 0 geo d
020 _a9789941079016
041 _ageo
080 _a94(479.223-25) : 394.014(479.223-25) : 821.353.1-92 გ-99
100 _aგუჯაბიძე, შოთა
_924309
245 _aბათომი :
_bგაზეთ ”ბათუმელებში” რუბრიკა ”ბათომში” გამოქვეყნებული სტატიების კრებული /
_c შოთა გუჯაბიძე; ნანა კვაჭაძის საერთო რედაქციით; რედაქტორი ანა ჭაბაშვილი; იდეის ავტორები: ნესტან ცეცხლაძე, ეთერ თურაძე ; დიზაინი ეკა ბერიძე.
264 _aბათუმი :
_bბათუმელები,
_c 2015.
300 _a210 გვ.
_bფოტ. ;
_c 22 სმ.
500 _aავტ. მითითებულია თავფურ. მე-2 გვერდზე.
653 _aბათუმის ისტორია
653 _aაჭარის ისტორია -- 19-20 ს.ს.
700 _aკვაჭაძე, ნანა
_eრედაქტორი
_924310
700 _aჭაბაშვილი, ანა
_eრედაქტორი
_9995
700 _aცეცხლაძე, ნესტან
_eიდეის ავტორი
_924311
700 _aბერიძე, ეკა
_eდიზაინერი
_924312
942 _2udc
_cᲬᲘᲒᲜᲘ